[Event "4NCL Online Division 6"]
[Site "online"]
[Date "2020.09.22"]
[Round "3.21"]
[White "Hossain Mohammed, Ashraf"]
[Black "Barron, Luke J"]
[Result "0-1"]
[WhiteElo "1750"]
[BlackElo "1927"]
[PlyCount "134"]
[EventDate "2020.09.22"]
[WhiteTeam "Enfield 1"]
[BlackTeam "Imperial Knightriders"]

1. e4 d6 2. d4 Nf6 3. Nc3 e5 4. dxe5 dxe5 5. Qxd8+ Kxd8 6. Bc4 Bb4 7. Bg5 Ke7
8. O-O-O Bxc3 9. bxc3 Be6 10. Bb3 Nc6 11. f3 h6 12. Be3 Nd7 13. Ne2 a5 14. Bxe6
Kxe6 15. Ng3 g6 16. Rd2 h5 17. Rhd1 Rhd8 18. a3 Nf8 19. Bc5 Rxd2 20. Rxd2 Nd7
21. Bf2 Nf6 22. Nf1 Rd8 23. Ne3 b6 24. Bh4 Rxd2 25. Kxd2 Ne7 26. Kd3 Nd7 27.
Bxe7 Kxe7 28. Nd5+ Kd6 29. Kc4 c6 30. Ne3 Nc5 31. a4 Nxa4 32. Kb3 Nc5+ 33. Ka3
b5 34. g3 Ne6 35. Kb3 Kc5 36. h4 a4+ 37. Ka3 Kb6 38. Kb4 c5+ 39. Ka3 Ka5 40.
Nd5 Nd8 41. g4 Ne6 42. gxh5 gxh5 43. Ne7 b4+ 44. cxb4+ cxb4+ 45. Ka2 Kb5 46.
Nf5 Kc5 47. Nh6 Nd4 48. Nxf7 Nxf3 49. Kb2 Kc4 50. Nd6+ Kd4 51. Nf5+ Kxe4 52.
Ng7 Nxh4 53. Nxh5 Nf3 54. Nf6+ Kd4 55. Ng4 Nd2 56. Nf2 e4 57. Nd1 a3+ 58. Kc1
e3 59. c3+ bxc3 60. Kc2 Ne4 61. Kb3 e2 62. Nxc3 Nxc3 63. Kxa3 e1=Q 64. Kb2 Ne4
65. Kc2 Qc3+ 66. Kb1 Qd2 67. Ka1 Kc3 0-1

[Event "4NCL Online Division 6"]
[Site "online"]
[Date "2020.09.22"]
[Round "3.22"]
[White "Porter, Sam J"]
[Black "McNish, David"]
[Result "1-0"]
[WhiteElo "1975"]
[BlackElo "1727"]
[PlyCount "101"]
[EventDate "2020.09.22"]
[WhiteTeam "Imperial Knightriders"]
[BlackTeam "Enfield 1"]

1. d4 Nf6 2. c4 g6 3. Nc3 Bg7 4. e4 d6 5. f3 O-O 6. Be3 Nbd7 7. Nh3 e5 8. d5 a6
9. Qd2 Re8 10. g4 Nf8 11. Nf2 Qe7 12. h4 c6 13. O-O-O cxd5 14. cxd5 b5 15. Kb1
b4 16. Na4 a5 17. Rc1 Qb7 18. Nb6 Rb8 19. Bb5 Rd8 20. Bc6 Qa6 21. Nxc8 Rdxc8
22. b3 Ne8 23. g5 Nc7 24. Ka1 Na8 25. Nd3 Nb6 26. Nb2 Rd8 27. h5 Nfd7 28. Qf2
Nc8 29. Bxd7 Rxd7 30. Rc6 Qa8 31. Na4 Rbb7 32. Rhc1 Rd8 33. Kb2 Qb8 34. Ra6 Rc7
35. Rxa5 Rxc1 36. Bxc1 Qc7 37. Rb5 Na7 38. Rxb4 Rb8 39. Rxb8+ Qxb8 40. hxg6
hxg6 41. Qb6 Qa8 42. Qxd6 Nb5 43. Qb6 Nd4 44. d6 Qc8 45. Qc7 Qa6 46. d7 Qe2+
47. Kb1 Qd3+ 48. Ka1 Nc2+ 49. Kb2 Qd4+ 50. Kxc2 Qf2+ 51. Kb1 1-0

[Event "4NCL Online Division 6"]
[Site "online"]
[Date "2020.09.22"]
[Round "3.23"]
[White "O'Caolaidhe, Cormac"]
[Black "Jost, Jan Niklas"]
[Result "0-1"]
[WhiteElo "1555"]
[BlackElo "1840"]
[PlyCount "42"]
[EventDate "2020.09.22"]
[WhiteTeam "Enfield 1"]
[BlackTeam "Imperial Knightriders"]

1. d4 d5 2. Bf4 Nf6 3. Nf3 Bg4 4. Nbd2 e6 5. h3 Bxf3 6. Nxf3 Bd6 7. Bxd6 Qxd6
8. c3 Nbd7 9. e4 dxe4 10. Nd2 O-O 11. Qe2 Qc6 12. f3 exf3 13. Nxf3 Rfe8 14. Ne5
Nxe5 15. Qxe5 Qe4+ 16. Qxe4 Nxe4 17. Bd3 Nf6 18. O-O e5 19. dxe5 Rxe5 20. Rae1
Rae8 21. a4 Rxe1 0-1

[Event "4NCL Online Division 6"]
[Site "online"]
[Date "2020.09.22"]
[Round "3.24"]
[White "Porter, James D"]
[Black "Kapur, Gul"]
[Result "1/2-1/2"]
[WhiteElo "1749"]
[BlackElo "1532"]
[PlyCount "202"]
[EventDate "2020.09.22"]
[WhiteTeam "Imperial Knightriders"]
[BlackTeam "Enfield 1"]

1. e4 c6 2. d4 d5 3. Nc3 dxe4 4. Nxe4 Bf5 5. Ng3 Bg6 6. h4 h6 7. h5 Bh7 8. Nf3
e6 9. Be3 Nf6 10. Qd2 Nd5 11. O-O-O Nd7 12. Ne5 N7f6 13. f4 Nb4 14. a3 Nxc2 15.
Bg1 Nxa3 16. f5 Nb5 17. fxe6 fxe6 18. Re1 Nd5 19. Ng6 Bxg6 20. Rxe6+ Be7 21.
hxg6 Kd7 22. Qe1 Bg5+ 23. Kb1 Re8 24. Rxe8 Qxe8 25. Be2 Qxg6+ 26. Ka1 Bf6 27.
Bh5 Qc2 28. Ne2 Qa4+ 29. Kb1 Nb4 30. Qg3 Qa2+ 31. Kc1 Qa1+ 32. Kd2 Qxb2+ 33.
Ke1 Qa1+ 34. Kf2 Bxd4+ 35. Kf3 Qa3+ 36. Kg4 Qxg3+ 37. Nxg3 Bxg1 38. Rxg1 Rf8
39. Ra1 a6 40. Ne4 Nd5 41. Nc5+ Kc8 42. Bg6 Ne3+ 43. Kh3 Nf5 44. Rb1 Rf6 45.
Bh5 b6 46. Nxa6 Kb7 47. Nb4 Rd6 48. Bf3 Nfd4 49. Nxc6 Rxc6 50. Bxc6+ Kxc6 51.
Rf1 Nd6 52. Rf4 Kc5 53. Rg4 g5 54. Re4 b5 55. Re7 b4 56. Rc7+ Kd5 57. Kg4 b3
58. Rc1 Nc4 59. Rb1 b2 60. Kh5 Nb5 61. Kxh6 Nba3 62. Rxb2 Nxb2 63. Kxg5 Ke6 64.
Kg6 Nd3 65. g4 Nc4 66. g5 Nde5+ 67. Kh7 Ng4 68. g6 Nf6+ 69. Kh8 Ke7 70. Kg7 Ne5
71. Kh6 Kf8 72. Kg5 Kg7 73. Kf5 Ned7 74. Kg5 Nf8 75. Kf5 Nxg6 76. Ke6 Ng4 77.
Kd5 Kf7 78. Kd6 Nf6 79. Kc5 Ke7 80. Kc6 Ne5+ 81. Kc5 Kd7 82. Kd4 Kd6 83. Ke3
Kd5 84. Kf4 Neg4 85. Kf3 Ke5 86. Ke2 Ke4 87. Kd2 Nd5 88. Kc2 Nge3+ 89. Kb3 Kd4
90. Kb2 Kc4 91. Kc1 Kd3 92. Kb2 Kc4 93. Ka3 Nb6 94. Kb2 Kb4 95. Kc1 Kc3 96. Kb1
Nbc4 97. Kc1 Na5 98. Kb1 Nac4 99. Kc1 Kb3 100. Kb1 Na3+ 101. Kc1 Kc3 1/2-1/2

[Event "4NCL Online Division 6"]
[Site "online"]
[Date "2020.09.22"]
[Round "3.31"]
[White "Mooney, Graham"]
[Black "Hughes, Gavin James"]
[Result "0-1"]
[WhiteElo "1896"]
[BlackElo "1773"]
[PlyCount "56"]
[EventDate "2020.09.22"]
[WhiteTeam "Dundee City B"]
[BlackTeam "Brentwood B"]

1. e4 d6 2. d4 Nf6 3. Nc3 Nbd7 4. Nf3 e5 5. dxe5 dxe5 6. Bc4 Be7 7. Ng5 O-O 8.
Bxf7+ Rxf7 9. Ne6 Qe8 10. Nxc7 Qd8 11. Nxa8 b6 12. Nd5 Bd6 13. Be3 Bb7 14.
Naxb6 Nxb6 15. Nxf6+ gxf6 16. Qe2 Qc8 17. O-O-O Bf8 18. Kb1 Ba6 19. Qe1 Nc4 20.
Bc1 Rb7 21. Ka1 Na3 22. Rd2 Nxc2+ 23. Rxc2 Qxc2 24. Qc3 Qxc3 25. bxc3 Bd3 26.
Be3 Bxe4 27. Rd1 Ba3 28. Bh6 Bb2# 0-1

[Event "4NCL Online Division 6"]
[Site "online"]
[Date "2020.09.22"]
[Round "3.32"]
[White "Molostvov, Dmitry M"]
[Black "Dawson, Alastair"]
[Result "1/2-1/2"]
[WhiteElo "1712"]
[BlackElo "1842"]
[PlyCount "103"]
[EventDate "2020.09.22"]
[WhiteTeam "Brentwood B"]
[BlackTeam "Dundee City B"]

1. d4 Nf6 2. c4 e6 3. Nc3 Bb4 4. e3 b6 5. Bd3 Bb7 6. Nge2 O-O 7. f3 c5 8. a3
Bxc3+ 9. Nxc3 Qe7 10. O-O d5 11. dxc5 bxc5 12. cxd5 exd5 13. Bc2 Nbd7 14. Ne2
Rfe8 15. Qd3 Ne5 16. Qd2 Nc4 17. Qd3 Nxe3 18. Bxe3 Qxe3+ 19. Qxe3 Rxe3 20. Nc3
Rae8 21. Ba4 Rd8 22. Rae1 Rxe1 23. Rxe1 Kf8 24. Kf2 d4 25. Ne4 Nxe4+ 26. fxe4
Ke7 27. Bb5 Rd6 28. Bd3 Ba6 29. Bxa6 Rxa6 30. Rc1 Kd6 31. b4 Rc6 32. bxc5+ Rxc5
33. Rb1 Ke5 34. Rb7 Kxe4 35. Rxa7 Rc2+ 36. Ke1 Rxg2 37. Rxf7 Rxh2 38. Rxg7 h5
39. a4 h4 40. a5 Ra2 41. Rh7 Ke3 42. Re7+ Kd3 43. Rh7 Rxa5 44. Rxh4 Ra2 45.
Rh3+ Kc4 46. Rh8 Kd3 47. Rh3+ Kc4 48. Rh8 Kc3 49. Rc8+ Kd3 50. Rd8 Ke3 51. Re8+
Kd3 52. Rd8 1/2-1/2

[Event "4NCL Online Division 6"]
[Site "online"]
[Date "2020.09.22"]
[Round "3.33"]
[White "Dawson, Euan"]
[Black "Willoughby, Christopher"]
[Result "1-0"]
[WhiteElo "1816"]
[BlackElo "1742"]
[PlyCount "79"]
[EventDate "2020.09.22"]
[WhiteTeam "Dundee City B"]
[BlackTeam "Brentwood B"]

1. e4 e5 2. Nc3 Nf6 3. g3 Bc5 4. Bg2 d6 5. Nge2 O-O 6. O-O Be6 7. h3 Qd7 8. Kh2
Nc6 9. Nd5 Ne8 10. c3 Ne7 11. Nxe7+ Qxe7 12. d4 exd4 13. cxd4 Bb6 14. Be3 Bc4
15. a4 a5 16. Rc1 Ba6 17. Qc2 c6 18. Rfe1 Nc7 19. Nc3 Ne6 20. Rcd1 Rac8 21. d5
Bxe3 22. Rxe3 Nc5 23. Rde1 Nd7 24. f4 Rfe8 25. Qd2 Nb6 26. b3 cxd5 27. exd5 Qd7
28. Ne4 Rcd8 29. Qxa5 Na8 30. h4 Qc7 31. Nf6+ gxf6 32. Rxe8+ Rxe8 33. Rxe8+ Kg7
34. Qxc7 Nxc7 35. Rd8 b5 36. Rxd6 bxa4 37. Rc6 axb3 38. Rxc7 b2 39. Be4 f5 40.
Bb1 1-0

[Event "4NCL Online Division 6"]
[Site "online"]
[Date "2020.09.22"]
[Round "3.34"]
[White "Pert, Max"]
[Black "Babin, Andre"]
[Result "0-1"]
[WhiteElo "1787"]
[BlackElo "1833"]
[PlyCount "64"]
[EventDate "2020.09.22"]
[WhiteTeam "Brentwood B"]
[BlackTeam "Dundee City B"]

1. d4 e6 2. Nf3 f5 3. g3 Nf6 4. Bg2 Be7 5. O-O O-O 6. c4 d6 7. Nc3 a5 8. Re1
Ne4 9. Nxe4 fxe4 10. Nd2 d5 11. cxd5 exd5 12. Qb3 Kh8 13. e3 Nc6 14. Qd1 Be6
15. Qh5 Qd7 16. Qe2 Bg4 17. Qb5 Qf5 18. Rf1 Nb4 19. Nb3 Nc2 20. Rb1 Ne1 21. Bh1
Nf3+ 22. Bxf3 Bxf3 23. Re1 Ra6 24. Qf1 Rh6 25. Nd2 Rh3 26. Nxf3 exf3 27. Kh1
Qh5 28. Qg1 Bd6 29. e4 Bxg3 30. fxg3 f2 31. Qg2 fxe1=Q+ 32. Qg1 Rxh2# 0-1

[Event "4NCL Online Division 6"]
[Site "online"]
[Date "2020.09.22"]
[Round "3.41"]
[White "Robins, Andrew"]
[Black "Kriman, Salim"]
[Result "0-1"]
[WhiteElo "1750"]
[BlackElo "1997"]
[PlyCount "74"]
[EventDate "2020.09.22"]
[WhiteTeam "Ashfield Anonymous D"]
[BlackTeam "Hackney Hackers"]

1. e4 e5 2. d4 exd4 3. c3 Qe7 4. Qxd4 Nf6 5. Bd3 d5 6. Nd2 Bf5 7. f3 Nc6 8. Qe3
O-O-O 9. Ne2 dxe4 10. Bxe4 Bxe4 11. Nxe4 Nxe4 12. Qxe4 Qxe4 13. fxe4 Re8 14.
Ng3 f6 15. Kf2 Ne5 16. h3 h5 17. Rd1 h4 18. Nf5 Nf7 19. Re1 g6 20. Nd4 Bd6 21.
Re2 Bg3+ 22. Kf1 Nd6 23. Bd2 Nxe4 24. Be1 f5 25. Kg1 Bd6 26. Nf3 g5 27. Bf2 g4
28. Nd4 gxh3 29. gxh3 Rhg8+ 30. Kf1 Bg3 31. Bg1 c5 32. Nf3 Rd8 33. Bxc5 Nxc5
34. Re7 Rd3 35. Ne5 Bxe5 36. Rxe5 Ne4 37. Re1 Rxh3 0-1

[Event "4NCL Online Division 6"]
[Site "online"]
[Date "2020.09.22"]
[Round "3.42"]
[White "Levy, Christopher A"]
[Black "Shaw, John S"]
[Result "1-0"]
[WhiteElo "1870"]
[BlackElo "1735"]
[PlyCount "77"]
[EventDate "2020.09.22"]
[WhiteTeam "Hackney Hackers"]
[BlackTeam "Ashfield Anonymous D"]

1. d4 d5 2. Bf4 Nf6 3. e3 c5 4. c3 Nc6 5. Nd2 cxd4 6. exd4 Bf5 7. Ngf3 e6 8.
Ne5 Bd6 9. Ndf3 O-O 10. Bd3 Bxd3 11. Qxd3 Ne4 12. Nd2 Nxd2 13. Qxd2 Nxe5 14.
dxe5 Bc5 15. Be3 Bxe3 16. Qxe3 b5 17. O-O Qe7 18. f4 g6 19. g4 Rfe8 20. Rae1
Rac8 21. Qg3 Qc5+ 22. Kh1 d4 23. Rf3 dxc3 24. bxc3 Qd5 25. Kg1 Qxa2 26. f5 Qd5
27. f6 Rc4 28. Qh3 a5 29. Rd3 Qc5+ 30. Kh1 Rc8 31. Qh6 Qf8 32. Qh4 Rxc3 33.
Ree3 Rxd3 34. Rxd3 Rc1+ 35. Kg2 Qa8+ 36. Kh3 Rg1 37. Qf2 Rc1 38. Qd2 Rc8 39.
Qh6 1-0

[Event "4NCL Online Division 6"]
[Site "online"]
[Date "2020.09.22"]
[Round "3.43"]
[White "Hardman, Daniel"]
[Black "Figueroa, Edison"]
[Result "0-1"]
[WhiteElo "1675"]
[BlackElo "1862"]
[PlyCount "108"]
[EventDate "2020.09.22"]
[WhiteTeam "Ashfield Anonymous D"]
[BlackTeam "Hackney Hackers"]

1. e4 c5 2. Nc3 e6 3. f4 Nc6 4. Bb5 Qc7 5. d3 a6 6. Bxc6 Qxc6 7. Nf3 d6 8. O-O
Nf6 9. Qe2 Be7 10. e5 Nd7 11. exd6 Bxd6 12. Ne4 Bc7 13. b3 O-O 14. g3 e5 15. f5
Nf6 16. Nh4 Nxe4 17. dxe4 b5 18. Qh5 Qxe4 19. f6 Qg4 20. Qxg4 Bxg4 21. fxg7
Kxg7 22. Nf5+ Bxf5 23. Rxf5 f6 24. Be3 c4 25. Raf1 Rab8 26. Rh5 Kg8 27. Rhf5
Kg7 28. Rh5 Bb6 29. Bxb6 Rxb6 30. Rh4 cxb3 31. cxb3 Rd6 32. a4 Rd2 33. Rc1 Rf7
34. axb5 axb5 35. Rb4 Ra7 36. Rg4+ Kf7 37. Rh4 Ke6 38. Rf1 Rb2 39. Rh6 Rf7 40.
g4 Ke7 41. Rc1 Ke6 42. Rc6+ Kd5 43. Rcxf6 Rxf6 44. Rxf6 Rxb3 45. Rh6 e4 46.
Rxh7 e3 47. g5 Rb1+ 48. Kg2 e2 49. Re7 e1=Q 50. Rxe1 Rxe1 51. h4 b4 52. g6 b3
53. h5 b2 54. g7 Re8 0-1

[Event "4NCL Online Division 6"]
[Site "online"]
[Date "2020.09.22"]
[Round "3.44"]
[White "Reilly, Gerhard"]
[Black "Fraser, Chris"]
[Result "1-0"]
[WhiteElo "1787"]
[BlackElo "1645"]
[PlyCount "107"]
[EventDate "2020.09.22"]
[WhiteTeam "Hackney Hackers"]
[BlackTeam "Ashfield Anonymous D"]

1. d4 Nf6 2. c4 e6 3. Nc3 Bb4 4. f3 d5 5. a3 Bxc3+ 6. bxc3 b6 7. Bg5 h6 8. Bh4
Ba6 9. e3 Bxc4 10. Bxc4 dxc4 11. Qa4+ Nbd7 12. Ne2 O-O 13. e4 Qe8 14. Qxc4 Rc8
15. O-O c5 16. Qa6 Rc7 17. Bg3 Nb8 18. Qd3 c4 19. Qc2 Rd7 20. Rab1 Nc6 21. Qa4
Na5 22. Rfd1 Rd8 23. Qb4 Qc6 24. Be5 Ne8 25. Nc1 Nc7 26. Rb2 Rfe8 27. Rbd2 Rd7
28. Bg3 Red8 29. Qb2 Qb5 30. Qa2 Nb3 31. Rb2 Qa5 32. Nxb3 Qxc3 33. Na1 Na6 34.
Rc2 Qa5 35. Rxc4 Nc5 36. Nb3 Qb5 37. Nxc5 bxc5 38. a4 Qa5 39. Be1 Qa6 40. Bf2
cxd4 41. Rcxd4 Rxd4 42. Rxd4 Rc8 43. Qd2 Kh7 44. e5 g6 45. Rd7 Kg7 46. Rxa7 Qc4
47. h3 Qb3 48. Qd7 Qb1+ 49. Kh2 Rf8 50. Bc5 Qf5 51. Bxf8+ Kxf8 52. Qd4 h5 53.
a5 Qe4 54. Qxe4 1-0

[Event "4NCL Online Division 6"]
[Site "online"]
[Date "2020.09.22"]
[Round "3.51"]
[White "Povah, Nigel E"]
[Black "Busuioc, Alexandra"]
[Result "1-0"]
[WhiteElo "2282"]
[BlackElo "1924"]
[PlyCount "61"]
[EventDate "2020.09.22"]
[WhiteTeam "Guildford Castles"]
[BlackTeam "Chessable White Rose 3"]

1. d4 d6 2. e4 Nf6 3. Nc3 Nbd7 4. Nf3 e5 5. g4 Nxg4 6. Rg1 Ngf6 7. Bc4 exd4 8.
Qxd4 Nb6 9. Bb3 Be6 10. Be3 Qe7 11. Nd5 Bxd5 12. exd5 O-O-O 13. a4 Kb8 14. a5
Nc8 15. a6 b6 16. Qc3 Qd7 17. Nd4 Ne7 18. Ba4 Qc8 19. Nc6+ Nxc6 20. Bxc6 Ne4
21. Qc4 f5 22. f3 Nf6 23. Bd4 Ne8 24. O-O-O Rg8 25. Rde1 g6 26. Qa4 Bh6+ 27.
Kb1 Ng7 28. Re7 Rdf8 29. Bd7 Qd8 30. Qc6 Qxe7 31. Qb7# 1-0

[Event "4NCL Online Division 6"]
[Site "online"]
[Date "2020.09.22"]
[Round "3.52"]
[White "Edwards-Wright, Miles D"]
[Black "Punnett, Alan K"]
[Result "1-0"]
[WhiteElo "1915"]
[BlackElo "2102"]
[PlyCount "91"]
[EventDate "2020.09.22"]
[WhiteTeam "Chessable White Rose 3"]
[BlackTeam "Guildford Castles"]

1. e4 e6 2. d4 d5 3. Be3 dxe4 4. Nd2 Nf6 5. c3 Be7 6. Qc2 O-O 7. g3 b6 8. Nxe4
Bb7 9. Bd3 Nxe4 10. Bxe4 Bxe4 11. Qxe4 Nd7 12. Nf3 Nf6 13. Qc6 Qd6 14. Qxd6
cxd6 15. Ke2 Rac8 16. Kd3 Nd5 17. Bd2 Rfd8 18. g4 f6 19. Rae1 Kf7 20. b3 b5 21.
h4 Rc6 22. Rc1 Rdc8 23. c4 bxc4+ 24. Rxc4 Nb6 25. Rxc6 Rxc6 26. h5 Nd5 27. a3
Ra6 28. Ra1 Ke8 29. Ng1 Kd7 30. Ne2 Bd8 31. b4 Rc6 32. Rb1 Nb6 33. b5 Rc4 34.
Bb4 Rc8 35. Nc3 d5 36. Bf8 g6 37. hxg6 hxg6 38. Rh1 Be7 39. Bxe7 Kxe7 40. Rh7+
Kd6 41. Rxa7 Nc4 42. Ra6+ Kd7 43. Na4 Rh8 44. Ra7+ Kd6 45. Nc5 Rd8 46. Nb7+ 1-0

[Event "4NCL Online Division 6"]
[Site "online"]
[Date "2020.09.22"]
[Round "3.53"]
[White "White, Nigel"]
[Black "Wills, Tom"]
[Result "0-1"]
[WhiteElo "2095"]
[BlackElo "1922"]
[PlyCount "100"]
[EventDate "2020.09.22"]
[WhiteTeam "Guildford Castles"]
[BlackTeam "Chessable White Rose 3"]

1. e4 c6 2. d4 d5 3. e5 Bf5 4. Nf3 e6 5. Be2 Nd7 6. O-O Ne7 7. c3 h6 8. Nbd2 c5
9. Nb3 Nc6 10. Be3 c4 11. Nbd2 Be7 12. h3 Qc7 13. b3 b5 14. a4 b4 15. bxc4 bxc3
16. cxd5 exd5 17. Nb3 Nb4 18. Ne1 Rb8 19. Nc1 O-O 20. Ncd3 a5 21. g4 Bh7 22.
Qc1 Rfc8 23. Bf4 Nf8 24. e6 Bd6 25. exf7+ Kxf7 26. Ne5+ Kg8 27. Qe3 Ne6 28. Bg3
Ng5 29. Kg2 Ne4 30. Bh2 Nd2 31. Rh1 Nb3 32. Rd1 c2 33. Qxb3 cxd1=Q 34. Bxd1
Be4+ 35. f3 Bh7 36. Rf1 Rf8 37. Be2 Rbd8 38. h4 Qe7 39. Bg3 Rc8 40. Kh3 h5 41.
g5 Bxe5 42. Bxe5 Qe6+ 43. Kh2 Bc2 44. Nxc2 Rxc2 45. Rf2 Rfc8 46. Qe3 R8c3 47.
Qf4 Nd3 48. Qg3 Nxf2 49. Qxf2 Ra3 50. Kg3 Raa2 0-1

[Event "4NCL Online Division 6"]
[Site "online"]
[Date "2020.09.22"]
[Round "3.54"]
[White "Hayes, Solomon"]
[Black "Garrood, Anthony"]
[Result "1/2-1/2"]
[WhiteElo "1495"]
[BlackElo "1637"]
[PlyCount "88"]
[EventDate "2020.09.22"]
[WhiteTeam "Chessable White Rose 3"]
[BlackTeam "Guildford Castles"]

1. e4 c5 2. Nf3 d6 3. Bb5+ Bd7 4. Bxd7+ Qxd7 5. c4 Nf6 6. Nc3 e6 7. d4 cxd4 8.
Nxd4 Be7 9. O-O O-O 10. Be3 Nc6 11. f3 Ne5 12. b3 Rfd8 13. Qe2 Qc7 14. Ncb5 Qa5
15. a3 a6 16. b4 Qa4 17. Nc3 Qe8 18. Rac1 Rac8 19. Nd1 d5 20. exd5 exd5 21. c5
Nc4 22. Re1 Qd7 23. Bf2 Re8 24. Qd3 Bf8 25. Ne3 Nxe3 26. Rxe3 Rxe3 27. Bxe3 g6
28. Rd1 Bg7 29. Bg5 h6 30. Bf4 Ne8 31. Nb3 Rd8 32. Nd4 g5 33. Bg3 Bxd4+ 34.
Qxd4 Qe6 35. Re1 Qd7 36. Be5 Qf5 37. Re2 f6 38. Bg3 Kf7 39. Kf2 h5 40. h3 h4
41. Bh2 Qd7 42. f4 g4 43. hxg4 Qxg4 44. g3 Nc7 1/2-1/2

[Event "4NCL Online Division 6"]
[Site "online"]
[Date "2020.09.22"]
[Round "3.61"]
[White "Putar, Slavko"]
[Black "Kenning, Paul H"]
[Result "1-0"]
[WhiteElo "1676"]
[BlackElo "1922"]
[PlyCount "37"]
[EventDate "2020.09.22"]
[WhiteTeam "St Benildus D"]
[BlackTeam "Anglia Avengers 3"]

1. e4 d6 2. d4 Nf6 3. Nc3 e5 4. dxe5 dxe5 5. Qxd8+ Kxd8 6. Bc4 Ke8 7. f4 exf4
8. Bxf4 c6 9. O-O-O Nbd7 10. Nf3 h6 11. e5 Ng4 12. Rhf1 Bc5 13. Rde1 Nb6 14.
Bb3 g5 15. Bd2 a5 16. a3 Nf2 17. Be3 Bxe3+ 18. Rxe3 g4 19. Nh4 1-0

[Event "4NCL Online Division 6"]
[Site "online"]
[Date "2020.09.22"]
[Round "3.62"]
[White "Stephens, Robert Wynn"]
[Black "Brady, Fearghal"]
[Result "1/2-1/2"]
[WhiteElo "1787"]
[BlackElo "1463"]
[PlyCount "60"]
[EventDate "2020.09.22"]
[WhiteTeam "Anglia Avengers 3"]
[BlackTeam "St Benildus D"]

1. Nf3 Nf6 2. c4 g6 3. g3 Bg7 4. Bg2 O-O 5. O-O d6 6. Nc3 c6 7. d4 Bf5 8. Nh4
Be6 9. b3 Na6 10. Bb2 Qc8 11. Re1 Bh3 12. Bh1 Nc7 13. e4 Rd8 14. Qc2 e5 15.
dxe5 dxe5 16. Rad1 Ne6 17. Ne2 Qc7 18. Nf3 Ng4 19. Bg2 Bxg2 20. Kxg2 f6 21. h3
Nh6 22. Rxd8+ Rxd8 23. Rd1 Nf7 24. Rxd8+ Qxd8 25. Qd2 Qxd2 26. Nxd2 Bf8 27. a3
c5 28. Nf3 Nd4 29. Nfxd4 cxd4 30. Nc1 Nd6 1/2-1/2

[Event "4NCL Online Division 6"]
[Site "online"]
[Date "2020.09.22"]
[Round "3.63"]
[White "Kashanin, Daniil"]
[Black "Paez, Alonso"]
[Result "1-0"]
[WhiteElo "1359"]
[BlackElo "1652"]
[PlyCount "55"]
[EventDate "2020.09.22"]
[WhiteTeam "St Benildus D"]
[BlackTeam "Anglia Avengers 3"]

1. e4 c5 2. Nf3 e6 3. d4 cxd4 4. Nxd4 a6 5. Nc3 b5 6. a3 Bb7 7. Bf4 d5 8. exd5
Bxd5 9. Nxd5 Qxd5 10. Be2 e5 11. Bf3 e4 12. Qe2 f5 13. O-O-O Nc6 14. Nb3 Qe6
15. g4 Nf6 16. gxf5 Qxf5 17. Qe3 Be7 18. Nd4 Nxd4 19. Rxd4 Kf7 20. Bxe4 Nxe4
21. Rxe4 Rhe8 22. Re1 Qd7 23. Qf3 Bf6 24. Qh5+ Kf8 25. Bd6+ Be7 26. Rf4+ Kg8
27. Qf7+ Kh8 28. Rxe7 1-0

[Event "4NCL Online Division 6"]
[Site "online"]
[Date "2020.09.22"]
[Round "3.64"]
[White "Gu, William"]
[Black "Kashanin, Dimitry"]
[Result "1-0"]
[WhiteElo "1622"]
[BlackElo "948"]
[PlyCount "77"]
[EventDate "2020.09.22"]
[WhiteTeam "Anglia Avengers 3"]
[BlackTeam "St Benildus D"]

1. d4 Nf6 2. c4 g6 3. Nc3 Bg7 4. e4 d6 5. Nf3 O-O 6. Be2 e5 7. O-O Nc6 8. d5
Ne7 9. Be3 a6 10. Ne1 Nd7 11. b4 f5 12. f3 f4 13. Bf2 g5 14. c5 Nf6 15. cxd6
cxd6 16. Na4 b5 17. Nb6 Rb8 18. Nxc8 Rxc8 19. Nc2 h5 20. Rc1 Bh6 21. a4 Rb8 22.
axb5 axb5 23. Na3 Qd7 24. Qd3 g4 25. Nxb5 Rb7 26. Ra1 Nc8 27. Ra6 Qg7 28. Nxd6
Nxd6 29. Rxd6 Rxb4 30. Kh1 Rb2 31. Re6 Re8 32. Qa6 Rxe6 33. Qxe6+ Kh8 34. Ra1
Rd2 35. Ra8+ Ng8 36. Qa6 g3 37. hxg3 fxg3 38. Bxg3 Qxg3 39. Qxh6# 1-0

[Event "4NCL Online Division 6"]
[Site "online"]
[Date "2020.09.22"]
[Round "3.71"]
[White "Brightley-Davies, Ciaran"]
[Black "Cooney, Brendan"]
[Result "0-1"]
[WhiteElo "1592"]
[BlackElo "1818"]
[PlyCount "102"]
[EventDate "2020.09.22"]
[WhiteTeam "Kent KJCA Kestrels E"]
[BlackTeam "St Benildus C"]

1. e4 e6 2. d4 d5 3. exd5 exd5 4. Nc3 c6 5. Nf3 Bd6 6. Bd3 Ne7 7. O-O Bg4 8. h3
Bh5 9. Bd2 Nd7 10. Re1 Qc7 11. Be2 f6 12. Nh4 Bf7 13. Bg4 O-O-O 14. Nf5 Nxf5
15. Bxf5 g6 16. Bxd7+ Qxd7 17. Qf3 f5 18. Bg5 Rde8 19. Re3 Rxe3 20. Bxe3 Re8
21. Re1 Qe7 22. Kf1 Qh4 23. Ne2 Be6 24. Bf4 Qe7 25. Bxd6 Qxd6 26. Nf4 Kd7 27.
Nxe6 Rxe6 28. Rxe6 Qxe6 29. Qe3 Qxe3 30. fxe3 Ke6 31. Kf2 g5 32. g3 Kf6 33. Kf3
Kg6 34. g4 fxg4+ 35. Kxg4 h5+ 36. Kf3 Kf5 37. b3 b5 38. Ke2 Ke4 39. Kf2 b4 40.
Ke2 g4 41. hxg4 hxg4 42. Kf2 a5 43. Ke2 g3 44. Kf1 Kxe3 45. Kg2 Kf4 46. Kf1 Kf3
47. Kg1 g2 48. c3 bxc3 49. a4 c2 50. Kh2 c1=Q 51. Kh3 Qh1# 0-1

[Event "4NCL Online Division 6"]
[Site "online"]
[Date "2020.09.22"]
[Round "3.72"]
[White "Murray, Benjamin"]
[Black "Ratnesan, Radha"]
[Result "1-0"]
[WhiteElo "1709"]
[BlackElo "1622"]
[PlyCount "130"]
[EventDate "2020.09.22"]
[WhiteTeam "St Benildus C"]
[BlackTeam "Kent KJCA Kestrels E"]

1. e4 e6 2. d4 d5 3. Nc3 Bb4 4. e5 c5 5. a3 Bxc3+ 6. bxc3 Ne7 7. Qg4 Ng6 8. h4
h5 9. Qg3 Nc6 10. Bd3 Nce7 11. Bg5 Qc7 12. Ne2 Nf5 13. Qf3 Qc6 14. a4 c4 15.
Bxf5 exf5 16. Ng3 f6 17. exf6 gxf6 18. Bd2 Bd7 19. Nxf5 O-O-O 20. O-O Qe6 21.
Ne3 Bc6 22. g3 Rdg8 23. Kh2 Bd7 24. Rh1 Nxh4 25. gxh4 Qd6+ 26. Qg3 Rxg3 27.
fxg3 Rg8 28. Rag1 Qe6 29. Rg2 Bxa4 30. Re1 Qd7 31. Rf2 Rf8 32. Nf5 Kd8 33. Bh6
Rf7 34. Bf4 Bc6 35. Bd6 Kc8 36. Nh6 Rh7 37. Rxf6 b6 38. Rf8+ Kb7 39. Nf5 Ba4
40. Bf4 Ka6 41. Nd6 Re7 42. Ra1 b5 43. Be5 Rh7 44. Rf6 Re7 45. Ne4+ Ka5 46. Nc5
Qc8 47. Kg2 Rxe5 48. Ra6+ Qxa6 49. Nxa6 Re2+ 50. Kf3 Rxc2 51. Nc5 Rxc3+ 52. Kf4
Kb6 53. Rxa4 bxa4 54. Nxa4+ Kb5 55. Nxc3+ Kb4 56. Nxd5+ Kb3 57. Ke3 c3 58. Nxc3
Kxc3 59. d5 a5 60. d6 a4 61. d7 a3 62. d8=Q a2 63. Qd4+ Kb3 64. Qa1 Kc2 65.
Qxa2+ Kc3 1-0

[Event "4NCL Online Division 6"]
[Site "online"]
[Date "2020.09.22"]
[Round "3.73"]
[White "Langley, Anthony M"]
[Black "Willow, David"]
[Result "1-0"]
[WhiteElo "1577"]
[BlackElo "1728"]
[PlyCount "59"]
[EventDate "2020.09.22"]
[WhiteTeam "Kent KJCA Kestrels E"]
[BlackTeam "St Benildus C"]

1. c4 Nf6 2. Nf3 d6 3. Nc3 e5 4. g3 c6 5. e4 Be7 6. Bg2 O-O 7. d3 h6 8. h3 Be6
9. Nh2 Qd7 10. g4 Nh7 11. O-O Na6 12. a3 Nc7 13. Ne2 d5 14. exd5 cxd5 15. cxd5
Bxd5 16. Ng3 Bxg2 17. Kxg2 Nd5 18. Nf5 Bg5 19. Bxg5 Nxg5 20. h4 Nf4+ 21. Kg3
Nge6 22. Nf3 f6 23. Qb3 Kh7 24. Rh1 Ne2+ 25. Kh2 Rad8 26. Rad1 N2d4 27. N5xd4
Nxd4 28. Nxd4 Qxd4 29. Qc2 Qe4 30. dxe4 1-0

[Event "4NCL Online Division 6"]
[Site "online"]
[Date "2020.09.22"]
[Round "3.74"]
[White "Kenny, William"]
[Black "Oprea, Danny"]
[Result "1-0"]
[WhiteElo "1719"]
[BlackElo "1382"]
[PlyCount "63"]
[EventDate "2020.09.22"]
[WhiteTeam "St Benildus C"]
[BlackTeam "Kent KJCA Kestrels E"]

1. b3 c5 2. Bb2 Nc6 3. e3 Nf6 4. c4 g6 5. Bxf6 exf6 6. Nc3 Bg7 7. g3 O-O 8. Bg2
f5 9. Rc1 d6 10. Nh3 Be6 11. O-O Ne5 12. d4 cxd4 13. exd4 Nd7 14. d5 Qa5 15.
dxe6 fxe6 16. Nb5 Qxa2 17. Qxd6 Nb6 18. Qxe6+ Kh8 19. Ng5 h6 20. c5 Rf6 21.
Nf7+ Kh7 22. Qe3 Rxf7 23. cxb6 axb6 24. Rfd1 Rff8 25. Bxb7 Rab8 26. Rc7 Kh8 27.
Rdd7 Rfe8 28. Qxh6+ Bxh6 29. Rh7+ Kg8 30. Bd5+ Re6 31. Bxe6+ Kf8 32. Rh8# 1-0